The rome letters 1953-1954 (Record no. 128447)
[ view plain ]
| 000 -LEADER | |
|---|---|
| fixed length control field | 00685cam a2200205 4500 |
| 005 - DATE AND TIME OF LATEST TRANSACTION | |
| control field | 20181116135634.0 |
| 008 - FIXED-LENGTH DATA ELEMENTS--GENERAL INFORMATION | |
| fixed length control field | 021106t19971997nyua 000 0 eng u |
| 020 ## - INTERNATIONAL STANDARD BOOK NUMBER | |
| International Standard Book Number | 084782053X |
| 050 00 - LIBRARY OF CONGRESS CALL NUMBER | |
| Classification number | NA737.K32 |
| Item number | A3 1997 |
| 245 00 - TITLE STATEMENT | |
| Title | The rome letters 1953-1954 |
| Remainder of title | / edición conmemorativa Louis Kahn, Anne Griswold Tyng. |
| 250 ## - EDITION STATEMENT | |
| Edition statement | 1a ed. |
| 260 ## - PUBLICATION, DISTRIBUTION, ETC. (IMPRINT) | |
| Place of publication, distribution, etc | New York : |
| Name of publisher, distributor, etc | Rizzoli, |
| Date of publication, distribution, etc | 1997 |
| 300 ## - PHYSICAL DESCRIPTION | |
| Extent | 216 p. : |
| Other physical details | il. ; |
| Dimensions | 27 cm. |
| 504 ## - BIBLIOGRAPHY, ETC. NOTE | |
| Bibliography, etc | Incluye índice |
| 600 10 - SUBJECT ADDED ENTRY--PERSONAL NAME | |
| Personal name | Kahn, Louis I., |
| Dates associated with a name | 1901-1974 |
| 600 10 - SUBJECT ADDED ENTRY--PERSONAL NAME | |
| Personal name | Griswold Tyng, Anne, |
| Dates associated with a name | 1920- |
| 650 #7 - SUBJECT ADDED ENTRY--TOPICAL TERM | |
| Topical term or geographic name as entry element | Arquitectos |
| Geographic subdivision | Estados Unidos |
| General subdivision | Correspondencia |
| Source of heading or term | lemb |
| 700 1# - ADDED ENTRY--PERSONAL NAME | |
| Personal name | Griswold Tyng, Anne, |
| Relator term | editor |
| 942 ## - ADDED ENTRY ELEMENTS (KOHA) | |
| Source of classification or shelving scheme | Biblioteca del Cogreso de los Estados Unidos |
| Koha item type | Libro |
| Estado de pérdida | Fuente de clasificación | Estado del daño | No para préstamo | Ubicación permanente | Ubicación actual | Apartado o colección | Fecha de adquisición | Edición | Área del conocimiento | Clasificación | Código de Barras | Date last seen | Número de copia | Tipo de recurso |
|---|---|---|---|---|---|---|---|---|---|---|---|---|---|---|
| Biblioteca del Cogreso de los Estados Unidos | Biblioteca de la Facultad de Arquitectura | Biblioteca de la Facultad de Arquitectura | General | 16/10/2018 | 1a ed. | Educación y Humanidades | NA737.K32 A3 1997 | BFA000003399 | 16/10/2018 | C:1 | Libro |